Normal view
MARC view
- स. प्रे. सदानंद
Entry Personal Name
001 - CONTROL NUMBER
- control field: 216411
003 - CONTROL NUMBER IDENTIFIER
- control field: OSt
005 - DATE AND TIME OF LATEST TRANSACTION
- control field: 20260121165315.0
008 - FIXED-LENGTH DATA ELEMENTS
- fixed length control field: 260121|| aca||aabn | a|a d
040 ## - CATALOGING SOURCE
- Original cataloging agency: OSt
- Transcribing agency: OSt
100 ## - HEADING--PERSONAL NAME
- Personal name: स. प्रे. सदानंद
670 ## - SOURCE DATA FOUND
- Source citation: Work cat.: (OSt)370020: स. प्रे. सदानंद, प्रत्येक राष्ट्रभक्ताचे स्वप्न अखंड भारत, 2024